230 personnages Harry Potter par images - Statistiques

Statistiques générales
  • Ce quiz a été pris 122 fois
    25 depuis la dernière actualisation
  • Le résultat moyen est 127 sur 230
Statistiques - réponses
Par images Réponse % Correct
Alastor Maugrey
100%
Albus Dumbledore
100%
Aragog
100%
Argus Rusard
100%
Arthur Weasley
100%
Abelforth Dumbledore
92%
Albus Severus Potter
92%
Angelina Johnson
92%
Ariana Dumbledore
92%
Bellatrix Lestrange
92%
Bill Weasley
92%
Buck
92%
Cedric Diggory
92%
Charlie Weasley
92%
Cho Chang
92%
Colin Crivey
92%
Cornelius Fudge
92%
Crockdur
92%
Alice Londubat
85%
Alicia Spinnet
85%
Amos Diggory
85%
Baron Sanglant
85%
Barty Croupton Junior
85%
Coquecigrue
85%
Cormac McLaggen
85%
Dean Thomas
85%
Dobby
85%
Dolores Ombrage
85%
Drago Malefoy
85%
Dudley Dursley
85%
Fleur Delacour
85%
Fred Weasley
85%
Fumseck
85%
George Weasley
85%
Gilderoy Lockhart
85%
Ginny Weasley
85%
Graup
85%
Gregory Goyle
85%
Gripsec
85%
Harry Potter
85%
Hedwige
85%
Hermione Granger
85%
Igor Karkaroff
85%
James Potter
85%
Katie Bell
85%
Kreattur
85%
La Grosse Dame
85%
Lavande Brown
85%
Lily Potter
85%
Lucius Malefoy
85%
Luna Lovegood
85%
Marge Dursley
85%
Mimi Geignarde
85%
Minerva McGonagall
85%
Miss Teigne
85%
Molly Weasley
85%
Nagini
85%
Narcissa Malefoy
85%
Neville Londubat
85%
Nick-quasi-sans-tête
85%
Nymphadora Tonks
85%
Olivier Dubois
85%
Olympe Maxime
85%
Parvati Patil
85%
Pattenrond
85%
Percy Weasly
85%
Peter Pettigrow
85%
Pétunia Dursley
85%
Pomona Chourave
85%
Pompom Pomfresh
85%
Quirinus Quirrell
85%
Remus Lupin
85%
Renée Bibine
85%
Rita Skeeter
85%
Ron Weasley
85%
Rose Granger-Weasley
85%
Rubeus Hagrid
85%
Severus Rogue
85%
Sibylle Trelawney
85%
Sirius Black
85%
Trevor
85%
Vernon Dursley
85%
Viktor Krum
85%
Vincent Crabbe
85%
Voldemort
85%
Arabella Figg
77%
Barty Croupton Senior
77%
Bathilda Tourdesac
77%
Blaise Zabini
77%
Errol
77%
Fenrir Greyback
77%
Filius Flitwick
77%
Firenze
77%
Franck Londubat
77%
Garrick Ollivander
77%
Héléna Serdaigle
77%
Horace Slughorn
77%
Hugo Granger-Weasley
77%
James Sirius Potter
77%
Kingsley Shacklebolt
77%
Lee Jordan
77%
Lily Luna Potter
77%
Moine Gras
77%
Norbert
77%
Norbert Dragonneau
77%
Pansy Parkinson
77%
Rowena Serdaigle
77%
Seamus Finnigan
77%
Stan Rocade
77%
Touffu
77%
Xenophilius Lovegood
77%
Alecto Carrow
69%
Astoria Greengrass
69%
Gellert Grindelwald
69%
Hannah Abbot
69%
Mondingus Fletcher
69%
Padma Patil
69%
Amycus Carrow
62%
Arnold
62%
Beedle le barde
62%
Charity Burbage
62%
Gabrielle Delacour
62%
Godric Gryffondor
62%
Helga Poufsouffle
62%
Rufus Scrimgeour
62%
Salazar Serpentard
62%
Scorpius Malefoy
62%
Antioch Peverell
54%
Corban Yaxley
54%
Elphias doge
54%
Ernie Macmillan
54%
Romilda Vane
54%
Susan Bones
54%
Barjow
46%
Irma Pince
46%
Justin Flinch-Fletchey
46%
Marcus Flint
46%
Phineas Nigellus Black
46%
Rosmerta
46%
Tante Muriel
46%
Winky
46%
Cadmus Pevrell
38%
Ignotus Peverell
38%
Le Chevalier du Catogan
38%
Mafalda Hopkrik
38%
Merope Gaunt
38%
Molaire
38%
Mr Granger
38%
Mrs Granger
38%
Peeves
38%
Pénélope Deauclaire
38%
Pius Thicknesse
38%
Teddy Lupin
38%
Albert Runcorn
31%
Amelia Bones
31%
Aurora Sinistra
31%
Merlin
31%
Nicolas Flamel
31%
Nigel Wolpert
31%
Roger Davies
31%
Tom
31%
Wilhelmina Gobe-Planche
31%
Antonin Dolohov
23%
Bane
23%
Bogrod
23%
Doris Crockford
23%
Frank Bryce
23%
Mary Cattermole
23%
Mrs Mason
23%
Mykew Gregorovitch
23%
Regulus Arcturus Black
23%
Zacharias Smith
23%
Armando Dippet
15%
Augusta Londubat
15%
Cuthbert Binns
15%
Daphné Greengrass
15%
Dedalus Diggle
15%
Eloïse Midgen
15%
Ernie Danlmur
15%
John Dawlish
15%
Leanne
15%
Magorian
15%
Marietta Edgecombe
15%
Marlene McKinnon
15%
Michael Corner
15%
Millicent Bulstrode
15%
Morfin Gaunt
15%
Reg Cattermole
15%
Scabior
15%
Septima Vector
15%
Travers
15%
Walburga Black/ Mme Black
15%
Augustus Rockwood
8%
Avery Junior
8%
Batsheba Babbling
8%
Bob Ogden
8%
Bozo
8%
Dirk Cresswell
8%
Dragomir Despard
8%
Eldred Worple
8%
Elvis Marvolo Gaunt
8%
Emmeline Vance
8%
Everard
8%
Fabian et Gideon Prewett
8%
Flora Carrow
8%
Florian Fortarome
8%
Golgomath
8%
Hepzibah Smith
8%
Hestia Carrow
8%
Lisa Turpin
8%
Ludo Verpey
8%
Madame Guipure
8%
Marcus Belby
8%
Mme Flume
8%
Montague
8%
Mr Flume
8%
Mr Mason
8%
Mrs Cole
8%
Poliakoff
8%
Rabastan Lestrange
8%
Ricbert
8%
Ritchie Coote
8%
Rodolphus Lestrange
8%
Selwyn
8%
Sorcière au chariot
8%
Terence Higgs
8%
Théodore Nott
8%
Thorfinn Rowle
8%
Troy
8%
Walden Macnair
8%
Aucun quiz correspondant
Distribution des résultats
% des personnes avec chaque résultat
Percentile par nombre de réponses
Votre historique - résultats
Vous n’avez pas pris ce quiz depuis la dernière actualisation